| 000 | 01321nam a2200241Ia 4500 | ||
|---|---|---|---|
| 999 |
_c52396 _d52396 |
||
| 001 | 19416 | ||
| 003 | GE_BSU | ||
| 005 | 20200310160338.0 | ||
| 008 | 181216s1940||||ge |||||||||||||| ||geo|| | ||
| 040 | _cGE_BSU | ||
| 041 | _ageo | ||
| 080 | _a811.353.1(058) მ-80 | ||
| 245 |
_a აკად. ნ. მარის სახელობის ენის, ისტორიისა და მატერიალუ-რი კულტურის ინსტიტუტის მოამბე = Известия института языка, истории и материальной культуры им. акад. Н.Я. Марра = Bulletin De L'Institut Marr De Langues, D'Histoire et De Culture Materielle : _bმოამბე VII / _cრედ. სიმონ ჯანაშია. |
||
| 264 |
_aთბილისი : _bმეც. აკად. საქ. ფილიალის გამ-ბა, _c1940. |
||
| 300 |
_a167გვ. ; _c24 სმ. |
||
| 490 | _a(ენიმკის) მოამბე | ||
| 520 | _a(ენიმკის) მოამბე | ||
| 541 | _h1ლ.20თ. | ||
| 653 | _aენათმეცნიერება | ||
| 653 | _aმოამბე VII | ||
| 700 |
_aჯანაშია, სიმონ _eრედარორი _97703 |
||
| 942 |
_cBK _2udc |
||